Visegrád fellegvár

Bibliographic Details
Other Authors: Dercsényi, Balázs (edi), Buzás, Gergely (Illuminator)
Format: Book
Language:Hungarian
PhysicalDescription:24 s. fareb. fotogr., mp., obr., pl. 17 cm
Published: [Budapest] TKM Egyesület 2001
ISBN:9635544359
ISSN:0139-245X
Edition:9. kiad.
Series:Tajak-Korok-Múzeumok kiskönyvtára
Subjects:

MARC

LEADER 00000nam a2200000 a 4500
001 vtls001424484
003 SK-MaSNL
005 20260302001735.0
008 251113s2001 HU aba r yy 0 hun
015 |a SNBZSA2002-00085 
020 |a 9635544359 
035 |a SNK000379365 
040 |a SNK  |b slo  |c SNK  |e AACR2 
041 0 |a hun 
044 |a HU 
080 |a 728.81(439)=945.11  |2 1981 
080 |a 908.439=945.11  |2 1981 
245 1 |a Visegrád  |b fellegvár  |c [szerkesztette: Dercsényi Balázs ; rajzok: Buzás Gergely] 
250 |a 9. kiad. 
260 |a [Budapest]  |b TKM Egyesület  |c 2001 
300 |a 24 s.  |b fareb. fotogr., mp., obr., pl.  |c 17 cm 
490 1 |a Tajak-Korok-Múzeumok kiskönyvtára  |x 0139-245X  |v 250. szám 
500 |a Fareb. fotogr. na obál. 
500 |a 2000 výt. 
504 |a Bibliogr. 
610 2 7 |a Visegrád (Maďarsko : hrad)  |2 SNKKA  |9 220344 
655 7 |a príručky  |2 SNK  |9 74364 
700 1 |a Dercsényi, Balázs  |4 edi  |9 281636 
700 1 |a Buzás, Gergely  |4 ilu  |9 333844 
830 0 |a Tajak-Korok-Múzeumok kiskönyvtára  |9 310675 
919 |a 963-554-435-9 
958 |a ZS 
958 |a TL 
958 |a NB 
958 |a HU 
999 |c 985083  |d 987013 
952 |t P60, <03>, [BOOK], {603}  |a SNK  |b SNK  |y PREZ  |7 0  |p 17A0334224  |o snkOSD 8589  |i snkV 263/2002  |0 0  |1 0  |4 0  |d 2002-03-06  |l 0  |r 2005-01-02 00:00:00  |w 2026-02-24